London Underground - Jubilee Line Map - Statistics

General Stats
  • This quiz has been taken 329 times
  • The average score is 19 of 27
Answers on the Map
Answers color-coded by a green-red scale on the quiz's map according to % correct below.
 
Answer Stats
Answer % Correct
Stratford
91%
Stanmore
83%
Canary Wharf
82%
London Bridge
82%
Southwark
80%
West Ham
80%
North Greenwich
79%
Waterloo
79%
Canada Water
78%
Green Park
77%
Westminster
77%
Baker Street
71%
Bermondsey
71%
Bond Street
71%
Kingsbury
71%
Queensbury
70%
St. John's Wood
69%
Wembley Park
68%
Canning Town
67%
Kilburn
67%
Swiss Cottage
67%
Dollis Hill
62%
Neasden
62%
West Hampstead
60%
Canons Park
56%
Willesden Green
56%
Finchley Road
55%
No matching quizzes found
Score Distribution
Percent of People with Each Score
Percentile by Number Answered
Your Score History
You have not taken this quiz